000 00705cam a2200265 4500500
005 20260405003350.0
041 _afre
042 _adc
100 1 0 _ade Oliveira, Victorine
_eauthor
245 0 0 _aPlaton. Retour aux sources
260 _c2021.
500 _a90
690 _aÂme
690 _aCaverne
690 _aDialogues
690 _aEros
690 _aidées
690 _aMaïeutique
690 _aOpinion
690 _aPlaton
690 _aSophistes
690 _aVérité
786 0 _nPhilosophie magazine | 153 | 10 | 2021-10-01 | p. 50-53 | 1951-1787
856 4 1 _uhttps://shs.cairn.info/magazine-philosophie-magazine-2021-10-page-50?lang=fr&redirect-ssocas=7080
999 _c2066865
_d2066865